000 00498nmm a2200169Ia 4500
008 251105s9999||||xx |||||||||||||||||und||
020 _a9781621690795
041 _aspa
100 _aHansen, Amy S.
245 0 _aMateria derretida = Melting matter
264 _a[Madrid, España] :
_bRourke Educational Media,
_c2012
300 _a24 páginas
490 _aMi biblioteca de ciencias
650 _aAges 9-12 Years Old
856 _uhttps://public.digitaliapublishing.com/a/24831
942 _cCF
999 _c75298
_d75298